Statistics for Most common 2-letter blocks in Country Names

Click here to take the quiz!

General Stats

  • This quiz has been taken 87 times
  • The average score is 15 of 21

Answer Stats

# _ _ % Correct
60AN
96%
22LA
87%
40IA
86%
30IN
81%
24ND
81%
21MA
80%
21AL
78%
16AR
78%
16NA
75%
15ST
75%
19RA
71%
18TA
71%
16ER
70%
17EN
68%
16LI
67%
19NE
67%
23NI
65%
16ON
64%
19RI
61%
17IC
59%
15OR
59%

Score Distribution

Percentile by Number Answered

Percent of People with Each Score

Your Score History

You have not taken this quiz